2013 Films by Actor/Actress Quiz Stats

 Plays Quiz not verified by Sporcle

Also try: Famous Michaels
Challenge
Share
Tweet
Embed
Score 0/30 Timer 05:00
0 Plays Today
% Correct
The Hunger Games: Catching Fire
96.7%
Gravity
95.4%
The Wolf of Wall Street
94.1%
Iron Man 3
93.4%
Fast & Furious 6
92.8%
American Hustle
91.4%
The Great Gatsby
90.8%
The Hobbit: The Desolation of Smaug
89.5%
Thor: The Dark World
89.5%
Saving Mr. Banks
88.8%
Star Trek Into Darkness
88.8%
Dallas Buyers Club
88.2%
Captain Phillips
86.8%
The Secret Life of Walter Mitty
86.2%
Man of Steel
86.2%
% Correct
12 Years a Slave
84.9%
Identity Thief
84.9%
The Heat
84.2%
Grudge Match
82.2%
Monsters University
80.9%
Frozen
80.3%
Despicable Me 2
80.3%
Her
78.9%
Lone Survivor
77%
Now You See Me
76.3%
August: Osage County
75%
Blue Jasmine
74.3%
Safe Haven
65.8%
About Time
61.8%
Inside Llewyn Davis
61.8%

You're not logged in!

Compare scores with friends on all Sporcle quizzes.
Join for Free
OR
Log In

You Might Also Like...

Show Comments

Extras

Created Jan 14, 2014ReportNominate
Tags:2013, Movie Stars

Top Quizzes Today


Score Distribution

Your Account Isn't Verified!

In order to create a playlist on Sporcle, you need to verify the email address you used during registration. Go to your Sporcle Settings to finish the process.

Report this User

Report this user for behavior that violates our Community Guidelines.

Details: